| 000 | 00511nam a2200181Ia 4500 | ||
|---|---|---|---|
| 008 | 191130s2007##################000#0#eng## | ||
| 020 | _a9788126510917 | ||
| 040 |
_aACL _cACL |
||
| 082 | _a658.514 SWE | ||
| 100 | _aSweeney II, Patrick J | ||
| 245 |
_aComp TIA RFID+ : study guide _cPatrick J. Sweeney II |
||
| 260 |
_aHoboken, N.J _bWiley _c2007 |
||
| 300 | _axxxvii, 294 p. ill. 24 cm | ||
| 500 | _aIncludes indexes | ||
| 990 | _adc4e04e0ac10000c56e2869bc7f51886 | ||
| 991 | _a120392 | ||
| 999 |
_c134336 _d134336 |
||